|
|
|
|
| LEADER |
00000naa a2200000 i 4500 |
| 001 |
publ990 |
| 005 |
20220106123652.0 |
| 008 |
220106s2000 hu o 000 zxx d |
| 040 |
|
|
|a BGE Publikációtár Repozitórium
|b hun
|
| 100 |
1 |
|
|a Losoncz Miklós
|
| 245 |
1 |
2 |
|a A közösségi támogatáspolitika és Magyarország
|c Losoncz Miklós
|h [elektronikus dokumentum]
|
| 260 |
|
|
|a Osiris
|b Budapest
|c 2000
|
| 300 |
|
|
|a 232-242
|
| 490 |
0 |
|
|a A közösségi támogatáspolitika és Magyarország
|
| 650 |
|
4 |
|a politikatudományok
|
| 650 |
|
4 |
|a regionális tudományok
|
| 695 |
|
|
|a EU regionális politika
|
| 695 |
|
|
|a EU támogatáspolitika
|
| 856 |
4 |
0 |
|u https://publikaciotar.uni-bge.hu/id/eprint/990/1/A%20k%C3%B6z%C3%B6ss%C3%A9gi%20tmogat%C3%A1spolitika....pdf
|z Dokumentum-elérés
|